000
00304nam a22001337a 4500
008
171102b xxu||||| |||| 00| 0 eng d
020
_a
9780324422825
041
_a
eng
080
_a
339.138
100
_a
60
101
_a
MAR
245
_a
ADVERTISING CAMPAIGN STRATEGY
_c
PARENTE,D.E
942
_2
udc
_c
BK
999
_c
37331
_d
37331